A liberdade explicada às crianças (Registo nº 4259)

Detalhes MARC
000 -Etiqueta do registo
Cabeçalho 00970cam a2200325 4500
005 - Identificador da versão
Campo de controlo 20240813122056.0
095 ## -
-- PTBN01002298
010 ## - Número internacional normalizado dos livros (ISBN)
Número (ISBN) 972710195X
021 ## - Número do Depósito Legal
Código do país PT
Número 120826/98
100 ## - Dados gerais de processamento
Dados gerais de processamento 19980709d1998 m y0pory5003 ba
102 ## - Pais de publicação ou produção
País de publicação Portugal
101 1# - Língua de publicação
Língua do texto, banda sonora, etc. Português
Língua do documento no original Francês
106 ## - Campo de dados codificados: material textual
Dados codificados do material textual r
105 ## - Campo de dados codificados: livros
Dados codificados dos livros a z 001yy
215 ## - Descrição física 
Indicação específica da natureza do documento e extensão da espécie 159, [4] p.
Outras indicações físicas il.
Dimensões 21 cm
200 1# - Titulo e menção de responsabilidade
Título próprio A liberdade explicada às crianças
Primeira menção de responsabilidade Jean-Luc Moreau
Outras menções de responsabilidade trad. e adapt. João Silva Saraiva
-- il. Françoise Boudignon
225 1# - Colecção 
Título próprio da colecção Caminhos da liberdade
Indicação de volume 5
205 ## - Menção da edição
Menção da edição 1ª ed
210 ## - Publicação, Distribuição, etc. 
Lugar da edição, distribuição, etc. Lisboa
Nome do editor, distribuidor, etc. Terramar
Data da publicação, distribuição, etc. 1998
304 ## - Notas relativas a título e menção de responsabilidade 
Texto da nota Tít. orig.: La liberté racontée aux enfants
675 ## - Classificação Decimal Universal (CDU)
Notação 087.5
Edição BN
Língua da edição por
Notação 821.133.1-94"19"
Edição BN
Língua da edição por
702 #1 - Nome de autor-pessoa física (responsabilidade secundária)
Número de registo de entrada de autoridade 0000962
Palavra de ordem Boudignon
Outra parte do nome não tomada para palavra de ordem Françoise
Código de função Ilustrador / Técnico de desenho computorizado
Número de registo de entrada de autoridade 0000963
Palavra de ordem Saraiva
Outra parte do nome não tomada para palavra de ordem João Silva
Código de função Tradutor
700 #1 - Nome de autor-pessoa física (responsabilidade principal)
Número de registo de entrada de autoridade 0000961
Palavra de ordem Moreau
Outra parte do nome não tomada para palavra de ordem Jean-Luc
942 ## - Elementos de entrada adicionados (Koha)
Tipo de item no Koha Livro
Exemplares
Situação do levantamento Origin of item (home branch) (coded) Biblioteca de empréstimo Código de barras Cota Circulation type (not for loan) Tipo de documento Nota do exemplar Damaged status
  Biblioteca Escolar das Vendas Biblioteca Escolar das Vendas BEV1192 3PED LAN   Livro Sem mensagem